| 000 | 01006nam a22002297i 4500 | ||
|---|---|---|---|
| 999 |
_c22716 _d22716 |
||
| 003 | AR-CdUCM | ||
| 008 | 231016b20212021pe ||||| |||| 00| 0 spa d | ||
| 020 | _a978-612-48745-0-5 | ||
| 040 |
_aMUNICIPALIDAD PROVINCIAL DEL CUSCO _cBIBLIOTECA MUNICIPAL DEL CUSCO |
||
| 041 | _hspa | ||
| 082 |
_a985.04 / _bP49C |
||
| 100 |
_aDe la Pezuela, Joaquín _948946 |
||
| 245 | _aCompendio de los sucesos ocurridos en el ejercito del Perú y sus provincias (1813-1816) | ||
| 260 |
_aLima _bMinisterio de cultura, Proyecto especial Bicentenario de la independencia del Peru _c2021 |
||
| 300 |
_a200 paginas _c20 cm. |
||
| 440 |
_aCompendio de los sucesos ocurridos en el ejercito del Perú y sus provincias (1813-1816) _948947 |
||
| 505 | _aLecturas de la independencia -- el diario de campaña de un general realista -- primera y segunda parte | ||
| 650 |
_aindependencia, diario de campaña, general, realista _948948 |
||
| 856 | _fwww.bicentenario.gob.pe | ||
| 942 |
_2ddc _cLIBROS |
||
| 945 |
_aroel _d2023-10-16 |
||